Science Quiz

Random Science Quiz
Score 0/38 Timer 20:00
0 Plays Today
Hint Answer % Correct
????
100%
????
100%
????
100%
????
100%
????
50%
????
25%
????
25%
????
25%
????
25%
????
25%
????
25%
????
25%
????
25%
????
25%
????
25%
????
25%
????
25%
????
25%
????
25%
Hint Answer % Correct
????
25%
????
25%
????
25%
????
25%
????
25%
????
25%
????
25%
????
25%
????
25%
????
25%
????
25%
????
25%
????
25%
????
25%
????
25%
????
25%
????
25%
????
25%
????
25%

You're not logged in!

Compare scores with friends on all Sporcle quizzes.
OR
Log In

Sporcle TV

Today on Sporcle TV


Watch our educational content, quiz creation guides, and fun videos on Sporcle TV.

Show Comments

Extras

Created Sep 22, 2019ReportNominate
Tags:Anterior, aspect, skull

Top Quizzes Today


Score Distribution

Paid Content

Your Account Isn't Verified!

In order to create a playlist on Sporcle, you need to verify the email address you used during registration. Go to your Sporcle Settings to finish the process.

Report this User

Report this user for behavior that violates our Community Guidelines.

Details: